Modern Economic Development of Pakistan / (Record no. 8560)
[ view plain ]
| 000 -LEADER | |
|---|---|
| fixed length control field | 00557nam a22002293 4500 |
| 001 - CONTROL NUMBER | |
| JCCL Control Number | 8560 |
| 003 - CONTROL NUMBER IDENTIFIER | |
| JCCL marc code | BDJhCC |
| 005 - DATE AND TIME OF LATEST TRANSACTION | |
| control field | 20231113120720.0 |
| 008 - FIXED-LENGTH DATA ELEMENTS--GENERAL INFORMATION | |
| fixed length control field | 970107s1952 xx 000 0 und d |
| 035 ## - SYSTEM CONTROL NUMBER | |
| system control number | (BD - JhCC)8560 |
| 040 ## - CATALOGING SOURCE | |
| Original cataloging agency | EQO |
| Transcribing agency | EQO |
| Modifying agency | BD-JhCC |
| 041 ## - LANGUAGE CODE | |
| Language code of Book | eng |
| 082 ## - DEWEY DECIMAL CLASSIFICATION NUMBER | |
| Author mark and Year | SHA 1952 |
| Classification number | 330 |
| 100 1# - MAIN ENTRY--PERSONAL NAME | |
| Personal name | Sharif, M. R. |
| 245 13 - TITLE STATEMENT | |
| Title | Modern Economic Development of Pakistan / |
| Statement of responsibility, etc | M. R. Sharif |
| 250 ## - EDITION STATEMENT | |
| Edition statement | 4th, revised ed. |
| 260 ## - PUBLICATION, DISTRIBUTION, ETC. (IMPRINT) | |
| Place of publication, distribution, etc | Dacca, |
| Date of publication, distribution, etc | 1952. |
| 300 ## - PHYSICAL DESCRIPTION | |
| Pagination | 413 p. : |
| Dimensions | 21 cm. |
| 650 ## - SUBJECT ADDED ENTRY--TOPICAL TERM | |
| Topical term or geographic name as entry element | Economics |
| 942 ## - ADDED ENTRY ELEMENTS (KOHA) | |
| Source of classification or shelving scheme | Dewey Decimal Classification |
| Koha item type | Books |
| Source of classification or shelving scheme | Damaged status | Not for loan | Home library | Current library | Shelving location | Date of accession | Full call number | Barcode | Date last seen | Copy number | Method of acquisition | Koha item type |
|---|---|---|---|---|---|---|---|---|---|---|---|---|
| Dewey Decimal Classification | JCC Rouf Library | JCC Rouf Library | General Stacks | 07/30/2023 | 330.9547 SHA 1952 | 11324 | 02/27/2018 | C - 1 | Purchase | Books |